நிறைவைத் தேடி... (Record no. 2843)
[ view plain ]
| 000 -LEADER | |
|---|---|
| fixed length control field | 005320000a22001930004500 |
| 003 - CONTROL NUMBER IDENTIFIER | |
| control field | LK-CoMWRAF |
| 005 - DATE AND TIME OF LATEST TRANSACTION | |
| control field | 20240113002823.0 |
| 008 - FIXED-LENGTH DATA ELEMENTS--GENERAL INFORMATION | |
| fixed length control field | 230817t ||||| |||| 00| 0 eng d |
| 040 ## - CATALOGING SOURCE | |
| Original cataloging agency | LK-CoMWRAF |
| Modifying agency | LK-CoMWRAF |
| Description conventions | LK-CoMWRAF |
| 041 ## - LANGUAGE CODE | |
| Language code of text/sound track or separate title | Tamil |
| 082 ## - DEWEY DECIMAL CLASSIFICATION NUMBER | |
| Classification number | 894.8113 |
| Item number | ILA |
| 942 ## - ADDED ENTRY ELEMENTS (KOHA) | |
| Koha item type | Books |
| 100 ## - MAIN ENTRY--PERSONAL NAME | |
| Personal name | இளங்கீரன் |
| Personal name (Transliterated) | Ilankeeran, Zubair |
| 245 ## - TITLE STATEMENT | |
| Title | நிறைவைத் தேடி... |
| 246 ## - VARYING FORM OF TITLE | |
| Title proper/short title | Niraivaith Theadi |
| 260 ## - PUBLICATION, DISTRIBUTION, ETC. (IMPRINT) | |
| Place of publication, distribution, etc. | Kandy: |
| Name of publisher, distributor, etc. | Thamil manram, |
| Date of publication, distribution, etc. | [n.d.] |
| 300 ## - PHYSICAL DESCRIPTION | |
| Extent | 72 p. |
| 650 ## - SUBJECT ADDED ENTRY--TOPICAL TERM | |
| Topical term or geographic name as entry element | TAMIL FICTION |
| Withdrawn status | Lost status | Damaged status | Not for loan | Permanent Location | Current Location | Date acquired | Full call number | Barcode | Koha item type |
|---|---|---|---|---|---|---|---|---|---|
| Resource center, Muslim Women's Research And Action Forum | Resource center, Muslim Women's Research And Action Forum | 2023-08-17 | 894.8113 ILA | RAF4643 | Books |

